000 03020nam a22002177a 4500
003 BJBSDDR
005 20260415102113.0
007 ta
008 260415s2005 nyu||||| |||| 00| 0 eng d
020 _a9781400063536
040 _bspa
_cBJBSDDR
041 _aeng
050 _bEp64 2005
100 1 _aEpstein, Edward Jay,
_d1935-
_97063
245 1 4 _aThe big picture :
_bmoney and power in Hollywood /
_cEdward Jay Epstein
260 _a New York :
_bRandom House,
_c2005
300 _a x,396 Seiten :
_billustrations ;
_c24 cm
520 _aDuring the heyday of the studio system spanning the 1930s, ‘40s, and ‘50s, virtually all the American motion picture industry’s money, power, and prestige came from a single activity: selling tickets at the box office. Today, the movie business is just a small, highly visible outpost in a media universe controlled by six corporations–Sony, Time Warner, NBC Universal, Viacom, Disney, and NewsCorporation. These conglomerates view films as part of an immense, synergistic, vertically integrated money-making industry. In The Big Picture, acclaimed writer Edward Jay Epstein gives an unprecedented, sweeping, and thoroughly entertaining account of the real magic behind moviemaking: how the studios make their money. Epstein shows how, in Hollywood, the only art that matters is the art of the deal: major films turn huge profits, not from the movies themselves but through myriad other enterprises, such as video-game spin-offs, fast-food tie-ins, soundtracks, and even theme-park rides. The studios may compete with one another for stars, publicity, box-office receipts, and Oscars; their corporate parents, however, make fortunes from cooperation (and collusion) with one another in less glamorous markets, such as cable, home video, and pay-TV. But money is only part of the Hollywood story; the social and political milieus–power, prestige, and status–tell the rest. Alongside remarkable financial revelations, The Big Picture is filled with eye-opening true Hollywood insider stories. We learn how the promise of free cowboy boots for a producer delayed a major movie’s shooting schedule; why stars never perform their own stunts, despite what the supermarket tabloids claim; how movies intentionally shape political sensibilities, both in America and abroad; and why fifteen-year-olds dictate the kind of low-grade fare that has flooded screens across the country. Epstein also offers incisive profiles of the pioneers, including Louis B. Mayer, who helped build Hollywood, and introduces us to the visionaries–Walt Disney, Akio Morita, Rupert Murdoch, Steve Ross, Sumner Redstone, David Sarnoff–power brokers who, by dint of innovation and deception, created and control the media that mold our lives. If you are interested in Hollywood today and the complex and fascinating way it has evolved in order to survive, you haven’t seen the big picture until you’ve read The Big Picture.
942 _2lcc
_n0
_cBK
946 _icmc
999 _c126826
_d126826